[Event "Almansa op-B 6th"]
[Site "Almansa"]
[Date "2011.08.13"]
[Round "8.12"]
[White "Ojaos Penalver, Abel"]
[Black "Castro Fernandez, Francisco Javier"]
[Result "1-0"]
[WhiteElo "1996"]
[BlackElo "1791"]
[PlyCount "134"]
[EventDate "2011.08.09"]
[EventType "swiss"]
[EventRounds "9"]
[EventCountry "ESP"]
[SourceTitle "EXT 2024"]
[Source "ChessBase"]
[SourceDate "2023.10.10"]
[SourceVersion "1"]
[SourceVersionDate "2023.10.10"]
[SourceQuality "1"]

1. d4 Nf6 2. Nf3 d5 3. Bf4 g6 4. Nc3 Bg7 5. Qd2 Bf5 6. Ne5 c6 7. f3 Nbd7 8. g4 Be6 9. Bh6 Bxh6 10. Qxh6 Qb6 11. 0-0-0 0-0-0 12. Nxd7 Bxd7 13. Kb1 Qa5 14. Qd2 Rhe8 15. h3 b5 16. e3 e5 17. dxe5 Rxe5 18. Qd4 Rde8 19. Rd3 b4 20. Nd1 c5 21. Qf4 Qb6 22. Bg2 a5 23. Re1 Bb5 24. Rd2 c4 25. Qd4 Qxd4 26. Rxd4 c3 27. bxc3 bxc3 28. Nxc3 Bc4 29. e4 g5 30. Red1 Rd8 31. Nxd5 Bxd5 32. exd5 Kc7 33. c4 Kd6 34. Kc2 h5 35. R1d2 Rb8 36. f4 gxf4 37. Rxf4 Nd7 38. gxh5 Rxh5 39. Rxf7 Ne5 40. Rf6+ Kc5 41. Kc3 Rh4 42. Bf1 Rg8 43. Re6 Rg3+ 44. Kc2 Nf3 45. Rc6+ Kb4 46. Rb6+ Ka4 47. Rf2 Nd4+ 48. Kb2 Re3 49. c5 Nf3 50. Bb5+ Kb4 51. Be2+ Kxc5 52. Rb5+ Kd6 53. Bxf3 Rxh3 54. Bg4 Rh4 55. Be6 a4 56. a3 Rh1 57. Rb4 Rh8 58. Rxa4 Rb8+ 59. Rb4 Ra8 60. Rb3 Re1 61. Rc2 Rh8 62. Rb6+ Ke5 63. Rbc6 Rb8+ 64. Kc3 Ra8 65. Kd2 Re4 66. R6c3 Rh4 67. Re3+ Kd6 1-0